000
00220 a2200097 4500
001
15184
100
_a
Harrop P.F
245
_a
Exercises in engineering drawing
260
_a
London
_b
Macmillan
_c
090
_c
11924
_d
11924
942
_a
NUST-CAE
_c
M
_c
2141
999
_c
250257
_d
250257